000 00691nam a2200241Ia 4500
003 OSt
005 20220923220927.0
006 a|||||r|||| 00| 0
007 ta
008 220922b |||||||| |||| 00| 0 hin d
024 _a192,345
037 _cTextual
040 _aARTS
_cARTS
_bhin
041 _2hin
_ahin
082 _aT1, 152M2
100 _aजगत सिंह
245 0 _aबालक और अभिभावक
246 _aBālak aur abhibhāvaka
260 _aदिल्ली
_b प्रभात प्रकाशन
_c1982
300 _a198पृ.
_ccm.
942 _hT1, 152M2
_cTEXL
_2CC
999 _c344965
_d344965